Climate change : the science of global warming and our energy future

Saved in:
Bibliographic Details
Main Author: Mathez, Edmond A.
Format: Book
Language:English
Published: New York : Columbia University Press, c2009
Subjects:
Tags: Add Tag
No Tags, Be the first to tag this record!

MARC

LEADER 00000nam a2200000 i 4500
001 1/24665
008 130117s2009 eng d
020 |a 978-0-231-14642-5 (hbk.) 
035 |l 10113496 
040 |a GR-MY-UA  |b gre  |e aacr 
041 0 |a eng 
082 0 |a 551.6  |2 (22) 
100 1 |a Mathez, Edmond A. 
245 1 0 |a Climate change :  |b the science of global warming and our energy future /  |c Edmond A. Mathez 
260 |a New York :   |b Columbia University Press,   |c c2009 
300 |a xvii, 318 σ.;  |b διαγρ., εικ., πίν.;  |c 26 εκ. 
504 |a Βιβλιογραφία: σ.257-276 
504 |a Ευρετήριο: σ.311-318 
650 0 0 |a Climatic changes. 
852 |a INST  |b CHIOS  |e 20130117  |h 551.6 MAT  |p 005200035579  |q 005200035579  |t BK  |y 0 
901 |a BIBL2-2013-1 
909 |a Χ  |b 177872 
922 |a 2ΕΛΗ  |b 201211  |c ΤΑΚ/ΤΝΕΥ  |d ΙΩΑΝΝΙΔΟΥ 
970 |a ΣΠΕΝΤΖΑ  |b ΕΛΕΝΗ  |z 2013/01/17